Drey Buchstaben W, W, W. Das ist: Ein gering geschmidte Lob-Red von den Glorwürdigen Blutszeigen Christi Wenceslao ... den 28. Septembris ... 1702. in der Kays. Hoff-Kirchen ... in Wienn: ... vorgetragen ...

Hlavní autor: Abraham a Sancta Clara, 1644-1709
Jazyk: Němčina
Vydáno: Prag : Georg Labaun, 1703
Témata:
Fyzický popis: [2], B4 [=10] listů ; 4°
Knihy
Uloženo v:
LEADER 01301nam a22003257a 4500
001 mzk03001088976
003 CZ BrMZK
005 20200614140057.0
007 ta
008 080618s1703 xr fr|||||00| ||gerod
040 |a BOA001  |b cze  |c BOA001 
072 7 |a 094  |x Staré tisky  |2 Konspekt  |9 12 
080 |a (0.068)094  |2 MRF 
100 0 |a Abraham a Sancta Clara,  |d 1644-1709  |7 jn19981000004  |4 aut 
245 1 0 |a Drey Buchstaben W, W, W. Das ist: Ein gering geschmidte Lob-Red von den Glorwürdigen Blutszeigen Christi Wenceslao ... den 28. Septembris ... 1702. in der Kays. Hoff-Kirchen ... in Wienn: ... vorgetragen ... 
260 |a Prag :  |b Georg Labaun,  |c 1703 
300 |a [2], B4 [=10] listů ;  |c 4° 
500 |a Na listu B4a česká věta: "Swatý Wáclawe, Weywodo Cžeské Země, Pros za nás" ec. 
500 |a Výzdoba: Ozdobné linky, viněta 
500 |a Česká slova v textu 
501 |a Přívazek 8 k: MagnItVDo reVeLatIonIs VIrgInI, seV InCorporatIo IesV ... / Nicolaus Brinovezky 
655 7 |a staré tisky  |7 fd422076  |2 czenas 
903 |a RP 
910 |a ZNE450  |b ZD-2.VII/2.5,přív.8 
978 |b Laboun, Jiří I.  |a Praha  |c 1703 
984 |a Praha  |b Česko 
985 |a 1701-1750 
990 |a BK 
991 |k znojmo 
994 |a UP  |l MZK03  |b 001088968  |m přívazek 8  |n záznam 1. díla